000
00239nam a2200097Ia 4500
001
834429
005
20250826172434.0
008
250824s9999 xx 000 0 und d
245
0
_a
EYVAH KİTAP
_c
MİNE SOYSAL
260
_b
GÜNIŞIĞI YAYINLARI
999
_c
834429
_d
834429